Loading...
| Social Science | 0 | 5 | 1 | 2 | 45 | 90 | 107.80 | 0 | 0 |
| Science - Physics | 0 | 2 | 0 | 1 | 20 | 120 | 121.00 | 0 | 0 |
| Science - Other Science | 0 | 2 | 0 | 1 | 20 | 118 | 126.50 | 0 | 0 |
| Pop Culture | 0 | 2 | 0 | 1 | 20 | 96 | 116.00 | 0 | 0 |
| History - Other History | 0 | 1 | 0 | 0 | 10 | 94 | 94.00 | 0 | 0 |
| History - World History | 0 | 1 | 0 | 0 | 10 | 123 | 123.00 | 0 | 0 |
| Literature - American Literature | 0 | 1 | 0 | 1 | 10 | 127 | 127.00 | 0 | 0 |
| Current Events | 0 | 1 | 0 | 1 | 10 | 129 | 129.00 | 0 | 0 |
| Mythology | 0 | 1 | 0 | 0 | 10 | 129 | 129.00 | 0 | 0 |
| Other Academic | 0 | 1 | 0 | 0 | 10 | 88 | 88.00 | 0 | 1 |
| Philosophy | 0 | 1 | 0 | 0 | 10 | 85 | 85.00 | 0 | 1 |
| Literature - World Literature | 0 | 1 | 0 | 0 | 10 | 136 | 136.00 | 0 | 0 |
| Fine Arts - Painting and Sculpture | 0 | 1 | 0 | 0 | 10 | 144 | 144.00 | 0 | 0 |
| History - American History | 0 | 1 | 0 | 1 | 10 | 103 | 103.00 | 0 | 0 |
| History - European History | 0 | 1 | 0 | 0 | 10 | 107 | 107.00 | 0 | 0 |
| Science - Chemistry | 0 | 1 | 0 | 0 | 10 | 111 | 111.00 | 0 | 0 |
| Literature - European Literature | 0 | 0 | 0 | 0 | 0 | 0.00 | 0 | 0 | |
| Literature - British Literature | 0 | 0 | 0 | 0 | 0 | 0.00 | 0 | 0 | |
| Science - Biology | 0 | 0 | 1 | 0 | -5 | 0.00 | 0 | 0 | |
| Fine Arts - Other Fine Arts | 0 | 0 | 1 | 0 | -5 | 0.00 | 0 | 0 | |
| Religion | 0 | 0 | 1 | 0 | -5 | 0.00 | 0 | 0 |